|
|
|
|
| LEADER |
01600nam a2200421 a 4500 |
| 001 |
EBC717620 |
| 003 |
MiAaPQ |
| 005 |
20200520144314.0 |
| 006 |
m o d | |
| 007 |
cr cn||||||||| |
| 008 |
101202s2011 ne ad sb 001 0 eng d |
| 010 |
|
|
|z 2010049575
|
| 020 |
|
|
|z 9789004194397 (hardback : alk. paper)
|
| 020 |
|
|
|a 9789004194403 (electronic bk.)
|
| 035 |
|
|
|a (MiAaPQ)EBC717620
|
| 035 |
|
|
|a (Au-PeEL)EBL717620
|
| 035 |
|
|
|a (CaPaEBR)ebr10470636
|
| 035 |
|
|
|a (CaONFJC)MIL312061
|
| 035 |
|
|
|a (OCoLC)727948456
|
| 040 |
|
|
|a MiAaPQ
|c MiAaPQ
|d MiAaPQ
|
| 043 |
|
|
|a e------
|
| 050 |
|
4 |
|a HE597.E8
|b S55 2011
|
| 082 |
0 |
4 |
|a 387.5/440940903
|2 22
|
| 245 |
0 |
0 |
|a Shipping and economic growth 1350-1850
|h [electronic resource] /
|c edited by Richard W. Unger.
|
| 260 |
|
|
|a Leiden ;
|a Boston :
|b Brill,
|c 2011.
|
| 300 |
|
|
|a xix, 464 p. :
|b ill. (some col.).
|
| 490 |
1 |
|
|a Global economic history series,
|x 1872-5155 ;
|v v. 7
|
| 504 |
|
|
|a Includes bibliographical references and index.
|
| 533 |
|
|
|a Electronic reproduction. Ann Arbor, MI : ProQuest, 2015. Available via World Wide Web. Access may be limited to ProQuest affiliated libraries.
|
| 650 |
|
0 |
|a Shipping
|z Europe
|x History.
|
| 650 |
|
0 |
|a Labor productivity
|z Europe
|x History.
|
| 650 |
|
0 |
|a Economic development
|z Europe
|x History.
|
| 650 |
|
0 |
|a Stevedores
|z Europe
|x History.
|
| 655 |
|
4 |
|a Electronic books.
|
| 700 |
1 |
|
|a Unger, Richard W.
|
| 710 |
2 |
|
|a ProQuest (Firm)
|
| 830 |
|
0 |
|a Global economic history series ;
|v v. 7.
|
| 856 |
4 |
0 |
|u https://ebookcentral.proquest.com/lib/matrademy/detail.action?docID=717620
|z Click to View
|